000
00318nam a22001337a 4500
008
180109b xxu||||| |||| 00| 0 eng d
020
_a
T 1220
041
_a
eng
080
_a
941
100
_a
16
101
_a
HIS
245
_a
Finally it's Friday School & Work in Mid-America 1921-1933
_c
Reid, L
942
_2
udc
_c
BK
999
_c
39884
_d
39884